<?xml version="1.0" encoding="UTF-8"?>
<collection xmlns="http://www.loc.gov/MARC21/slim">
 <record>
  <leader>00988nam a22002171  4500</leader>
  <controlfield tag="001">1/21503</controlfield>
  <controlfield tag="008">990216s1987    gr            000 0 gre d</controlfield>
  <datafield tag="035" ind1=" " ind2=" ">
   <subfield code="l">22161</subfield>
  </datafield>
  <datafield tag="040" ind1=" " ind2=" ">
   <subfield code="a">GR-PeUP</subfield>
  </datafield>
  <datafield tag="082" ind1="0" ind2="0">
   <subfield code="a">109 ΙΣ</subfield>
  </datafield>
  <datafield tag="245" ind1="0" ind2="0">
   <subfield code="a">Ιστορία της φιλοσοφίας:</subfield>
   <subfield code="b">20ος αιώνας σύγχρονα φιλοσοφικά ρεύματα/</subfield>
   <subfield code="c">μετ. Νίκου Νασοφίδη, Κωστή Παπαγιώργη.</subfield>
  </datafield>
  <datafield tag="250" ind1=" " ind2=" ">
   <subfield code="a">2η εκδ.</subfield>
  </datafield>
  <datafield tag="260" ind1=" " ind2=" ">
   <subfield code="a">Αθήνα:</subfield>
   <subfield code="b">Μορφωτικό 'Ιδρυμα Εθνικής Τραπέζης,</subfield>
   <subfield code="c">1987.</subfield>
  </datafield>
  <datafield tag="300" ind1=" " ind2=" ">
   <subfield code="a">405σ.;</subfield>
   <subfield code="c">21εκ.</subfield>
  </datafield>
  <datafield tag="490" ind1="1" ind2=" ">
   <subfield code="a">Encyclopedie de la pleiade ;</subfield>
  </datafield>
  <datafield tag="650" ind1=" " ind2="4">
   <subfield code="a">Φιλοσοφία</subfield>
   <subfield code="x">Ιστορία.</subfield>
  </datafield>
  <datafield tag="650" ind1=" " ind2="4">
   <subfield code="a">Φιλοσοφία, Σύγχρονη.</subfield>
  </datafield>
  <datafield tag="700" ind1="1" ind2=" ">
   <subfield code="a">Νασοφίδης, Νίκος,</subfield>
   <subfield code="e">μετ.</subfield>
  </datafield>
  <datafield tag="700" ind1="1" ind2=" ">
   <subfield code="a">Παπαγιώργης, Κωστής,</subfield>
   <subfield code="e">μετ.</subfield>
  </datafield>
  <datafield tag="830" ind1=" " ind2=" ">
   <subfield code="a">Encyclopedie de la pleiade.</subfield>
  </datafield>
  <datafield tag="852" ind1=" " ind2=" ">
   <subfield code="a">INST</subfield>
   <subfield code="b">UNIPILB</subfield>
   <subfield code="c">REF</subfield>
   <subfield code="e">20040709</subfield>
   <subfield code="h">109 ΙΣ</subfield>
   <subfield code="p">00130397</subfield>
   <subfield code="q">00130397</subfield>
   <subfield code="t">NOLOAN</subfield>
   <subfield code="y">23</subfield>
   <subfield code="4">1</subfield>
  </datafield>
 </record>
</collection>
